000 00927cam a2200169 4500
001 X107181
008 000000n2000 000 0 eng u
035 _a(Sirsi) u107181
245 _aLicensed conveyancers
260 _c2000
490 _aEstates Gazette
_v[2000] EGCS 71 (24/06/2000)
520 _a"R V Council for Licensed Conveyancers, ex parte West", QBD 7 June 2000. Respondent resolvign to bring disciplinary proceedings against applicant conveyancer - delay in respondent serving notice of hearing upon applicant - disciplinary and appeals committee deciding charges ought to proceed - whether committee erred in law - Licensed Conveyancers' Discipline and Appeals Committee (Procedure) Rules Approval Order 1987 para4(1) - application dismissed.
650 _aCONVEYANCING
650 _aR V LICENSED CONVEYANCERS COUNCIL EX P WEST
690 _aMANAGEMENT-BUSINESS MANAGEMENT-PROFESSIONAL PRACTICE
942 _n0
999 _c64071
_d64071